| 000 | 00721cam a2200241 a 4500 | ||
|---|---|---|---|
| 001 | 000007903 | ||
| 005 | 20240306164224.0 | ||
| 008 | 030723s2003 ck 000 f spa d | ||
| 020 | _a9587040465 | ||
| 040 |
_aDO-SdBNP _dBNPHU |
||
| 082 |
_aPe863.44 _bV297pa |
||
| 100 | 1 |
_aVargas Llosa, Mario, _d1936- _912567 |
|
| 245 | 1 | 3 |
_aEl paraíso en la otra esquina / _cMario Vargas Llosa. |
| 260 |
_aBogotá : _bAlfaguara, _c2003. |
||
| 300 |
_a485 p. ; _c23 cm. |
||
| 650 | 4 |
_aNovela peruana _912569 |
|
| 650 | 4 |
_aLiteratura peruana _93140 |
|
| 600 | 1 | 4 |
_aTRISTAN, FLORA, _d1803-1844 _vNOVELA _921686 |
| 600 | 1 | 4 |
_aGAUGUIN, PAUL, _d1848-1903 _vNOVELA _921687 |
| 910 | _aCatalogación derivada | ||
| 910 | _aWM | ||
| 049 | _aBNGR | ||
| 999 |
_c7681 _d7681 |
||